000 00586nam a22002297a 4500
003 UA-OsUOA
001 92643
007 ta
008 20121220b un ||||| |||| 00| 0 ukr d
100 _aАйбек
090 _a821.512.133
_bА37
942 _cBK
040 _aUA-OsUOA
_brus
_cUA-OsUOA
_dUA-OsUOA
245 _aВеликий путь
_bроман
300 _a398 с.
955 _a3
041 _arus
080 _a821.512.133
260 _aМ.
_bИзвестия
_c1974
650 7 _a82 Література. Літературознавство
_2UDC
999 _c378865
_d378865